000 00386nam a2200133Ia 4500
008 151001s9999||||xx |||||||||||||| ||und||
100 _aशरद कुंटे
245 _aविकासपुरुष नरेंद्र मोदी
250 _a1
260 _bस्नेहल प्रकाशन पुणे
260 _c2013
300 _a312
365 _b21
999 _c1002038
_d1002035